| 000 | 00594nam a22001697a 4500 | ||
|---|---|---|---|
| 999 |
_c13547 _d13547 |
||
| 003 | AUA.1 | ||
| 005 | 20191017145824.0 | ||
| 008 | 141104t xxu||||| |||| 00| 0 eng d | ||
| 040 | _cJTL | ||
| 050 |
_aMA Lead _b.S55 2014 |
||
| 100 |
_aShibibo Tadesse Erassa _947612 |
||
| 245 |
_aBringing Gradual and Radical Change Change in Tithe income in Salfe Seventh-day Adventist Church / _cShibibo Tadesse Erassa |
||
| 300 |
_av, 75 leaves _c29 cm. |
||
| 650 |
_aTithes _x Gradual Radical changes _947613 |
||
| 651 |
_aEthiopia _zSalfe _947614 |
||
| 942 |
_2aua _cPROJECT _hMA Lead _i.S55 2014 |
||